000 00435nam a2200169 a 4500
001 0000-8754
003 ELIB.Books
008 110520 2002
035 _a(ELIB.Books)0000-8900
082 _a230
_bShi
100 _aShimary, Shimreingam
245 _aTheology of Human Right
260 _bAssam: Barkataki and Company
_c2002
650 _aChristian Theology
942 _2ddc
_cBK
998 _cbat
_e2011-05-20
999 _c8754
_d8754